000
00251nam a2200109Ia 4500
008
240625s9999 xx 000 0 und d
041
_a
eng
082
_a
741.5954 LAX
100
_a
STEINER STEFAN H
245
_a
STATISTICAL ENGINEERING
260
_c
2005
999
_c
33223
_d
33223